000
00240nam a22001217a 4500
041
_a
ENG
100
_a
Burt.H.K
245
_a
Applied Ctricity
260
_a
Delhi
_b
Cotton
_c
1991
300
_a
631
650
_a
GAE (15)
856
_u
GAE (15)
999
_c
2987
_d
2987